[Event "Fagernes GM-A 2019"]
[Site "Fagernes"]
[Date "2019.04.20"]
[Round "8.13"]
[White "Kizatbay, Abyl"]
[Black "Notkevich, Benjamin Arvola"]
[Result "0-1"]
[WhiteElo "2108"]
[BlackElo "2495"]
[Annotator "ChessBase"]
[PlyCount "84"]
[EventDate "2019.04.14"]
[EventType "tourn"]
[EventCountry "NOR"]
[SourceTitle "playchess.com"]
[Source "ChessBase"]
[SourceQuality "1"]
[TimeControl "40/7200:3600"]

1. e4 {[%emt 0:00:27]} g6 {[%emt 0:00:06]} 2. d4 {[%emt 0:00:06]} Bg7 {[%emt 0:00:03]} 3. Nc3 {[%emt 0:00:26]} d6 {[%emt 0:00:05]} 4. f4 {[%emt 0:00:05]} Nf6 {[%emt 0:00:16]} 5. Nf3 {[%emt 0:01:43]} O-O {[%emt 0:00:07]} 6. Be3 {[%emt 0:01:06]} b6 {[%emt 0:02:44]} 7. Qd2 {[%emt 0:00:39]} Bb7 {[%emt 0:00:10]} 8. e5 {[%emt 0:00:04]} Ng4 {[%emt 0:04:32]} 9. O-O-O {[%emt 0:00:06]} c5 {[%emt 0:04:38]} 10. dxc5 {[%emt 0:06:33]} bxc5 {[%emt 0:00:04]} 11. Bxc5 {[%emt 0:14:12]} Qa5 {[%emt 0:00:06]} 12. Ba3 {[%emt 0:01:33]} dxe5 {[%emt 0:05:00]} 13. h3 {[%emt 0:06:26]} Bh6 {[%emt 0:14:06]} 14. Kb1 {[%emt 0:16:44]} Bxf4 {[%emt 0:00:45]} 15. Qe1 {[%emt 0:00:19]} Ne3 {[%emt 0:05:44]} 16. Nd5 {[%emt 0:00:57]} Qxe1 {[%emt 0:00:57]} 17. Nxe7+ {[%emt 0:00:19]} Kg7 {[%emt 0:00:15]} 18. Rxe1 {[%emt 0:00:06]} Rd8 {[%emt 0:01:45]} 19. Bc5 {[%emt 0:15:11]} Bg3 {[%emt 0:34:37]} 20. Rc1 {[%emt 0:04:03]} e4 {[%emt 0:12:41]} 21. Bxe3 {[%emt 0:12:22]} exf3 {[%emt 0:00:51]} 22. gxf3 {[%emt 0:00:05]} Bh4 {[%emt 0:17:04]} 23. Bc5 {[%emt 0:06:13]} Rd7 {[%emt 0:01:02]} 24. Bb5 {[%emt 0:02:17]} Bxe7 {[%emt 0:00:08]} 25. Bxd7 {[%emt 0:00:27]} Bxc5 {[%emt 0:00:05]} 26. Bb5 {[%emt 0:01:13]} Bxf3 {[%emt 0:00:16]} 27. Rhf1 {[%emt 0:00:28]} Bg2 {[%emt 0:00:23]} 28. Rfe1 {[%emt 0:00:55]} Nc6 {[%emt 0:01:39]} 29. Rcd1 {[%emt 0:00:32]} Nd4 {[%emt 0:01:39]} 30. Bc4 {[%emt 0:00:14]} Bxh3 {[%emt 0:02:25]} 31. Re5 {[%emt 0:00:58]} Bb6 {[%emt 0:01:42]} 32. a4 {[%emt 0:04:29]} Bf5 {[%emt 0:00:03]} 33. Bd3 {[%emt 0:00:07]} Bg4 {[%emt 0:00:08]} 34. Rf1 {[%emt 0:00:21]} Nf3 {[%emt 0:00:07]} 35. Re2 {[%emt 0:00:40]} f5 {[%emt 0:00:11]} 36. Ka2 {[%emt 0:01:28]} h5 {[%emt 0:00:12]} 37. b4 {[%emt 0:00:58]} h4 {[%emt 0:00:05]} 38. a5 {[%emt 0:00:05]} Bd4 {[%emt 0:00:15]} 39. Re7+ {[%emt 0:01:02]} Kh6 {[%emt 0:00:48]} 40. Rd7 {[%emt 0:00:51]} h3 {[%emt 0:02:07]} 41. Rxf3 {[%emt 1:01:00]} Bxf3 {[%emt 0:01:46]} 42. Rxd4 {[%emt 0:00:00]} Kg5 {[%emt 0:01:18]} 0-1

[Event "Fagernes GM-A 2019"]
[Site "Fagernes"]
[Date "2019.04.20"]
[Round "8.14"]
[White "Ingebretsen, Jens E"]
[Black "Dolzhikova, Olga"]
[Result "0-1"]
[WhiteElo "2300"]
[BlackElo "2231"]
[Annotator "NA"]
[PlyCount "34"]
[EventDate "2019.04.14"]
[EventType "tourn"]
[EventCountry "NOR"]
[SourceTitle "playchess.com"]
[Source "ChessBase"]
[SourceQuality "1"]
[TimeControl "40/7200:3600"]

1. e4 {[%emt 0:00:06]} g6 {[%emt 0:01:01]} 2. d4 {[%emt 0:00:06]} Bg7 {[%emt 0:00:02]} 3. Nc3 {[%emt 0:00:07]} c6 {[%emt 0:00:25]} 4. Bc4 {[%emt 0:01:08]} b5 {[%emt 0:00:24]} 5. Bb3 {[%emt 0:00:12]} a5 {[%emt 0:00:22]} 6. a3 {[%emt 0:01:46]} e6 {[%emt 0:07:50]} 7. e5 {[%emt 0:03:01]} d5 {[%emt 0:13:10]} 8. exd6 {[%emt 0:00:40]} Qxd6 {[%emt 0:00:52]} 9. Qf3 {[%emt 0:02:59]} Nf6 {[%emt 0:15:34]} 10. Nxb5 {[%emt 0:03:20]} Qd7 {[%emt 0:02:03]} 11. Bf4 {[%emt 0:03:26]} O-O {[%emt 0:02:21]} 12. Ne2 {[%emt 0:02:52]} cxb5 {[%emt 0:04:19]} 13. Qxa8 {[%emt 0:01:52]} Nc6 {[%emt 0:02:45]} 14. d5 {[%emt 0:13:37]} exd5 {[%emt 0:01:52]} 15. Bxd5 {[%emt 0:03:42]} Nxd5 {[%emt 0:14:43]} 16. Rd1 {[%emt 0:01:34]} Qe6 {[%emt 0:02:03]} 17. O-O {[%emt 0:01:19]} Nb6 {[%emt 0:01:22]} 0-1

[Event "Fagernes GM-A 2019"]
[Site "Fagernes"]
[Date "2019.04.20"]
[Round "8.15"]
[White "Machlik, Monika"]
[Black "Dahl, Trygve"]
[Result "0-1"]
[WhiteElo "2059"]
[BlackElo "2275"]
[Annotator "NA"]
[PlyCount "70"]
[EventDate "2019.04.14"]
[EventType "tourn"]
[EventCountry "NOR"]
[SourceTitle "playchess.com"]
[Source "ChessBase"]
[SourceQuality "1"]
[TimeControl "40/7200:3600"]

1. d4 {[%emt 0:00:02]} Nf6 {[%emt 0:00:08]} 2. c4 {[%emt 0:00:05]} e6 {[%emt 0:00:24]} 3. Nc3 {[%emt 0:01:12]} Bb4 {[%emt 0:00:31]} 4. Qc2 {[%emt 0:00:15]} O-O {[%emt 0:00:07]} 5. a3 {[%emt 0:00:03]} Bxc3+ {[%emt 0:00:05]} 6. Qxc3 {[%emt 0:00:03]} d6 {[%emt 0:00:36]} 7. f3 {[%emt 0:09:01]} Nc6 {[%emt 0:08:24]} 8. e4 {[%emt 0:11:19]} a5 {[%emt 0:01:41]} 9. Bd3 {[%emt 0:07:01]} a4 {[%emt 0:02:11]} 10. Ne2 {[%emt 0:01:24]} e5 {[%emt 0:01:18]} 11. Be3 {[%emt 0:05:18]} b6 {[%emt 0:07:17]} 12. O-O {[%emt 0:18:42]} Re8 {[%emt 0:02:43]} 13. d5 {[%emt 0:10:42]} Na5 {[%emt 0:07:58]} 14. Qc2 {[%emt 0:05:19]} Nb3 {[%emt 0:02:19]} 15. Rae1 {[%emt 0:02:10]} Nc5 {[%emt 0:01:51]} 16. Bg5 {[%emt 0:03:20]} h6 {[%emt 0:03:50]} 17. Bh4 {[%emt 0:02:26]} g5 {[%emt 0:04:48]} 18. Bf2 {[%emt 0:00:04]} Nh5 {[%emt 0:00:58]} 19. Kh1 {[%emt 0:10:28]} Qf6 {[%emt 0:07:22]} 20. Qd2 {[%emt 0:02:59]} Kh8 {[%emt 0:04:28]} 21. Bc2 {[%emt 0:04:09]} Rg8 {[%emt 0:01:43]} 22. Nc3 {[%emt 0:01:53]} Bd7 {[%emt 0:20:26]} 23. Nb5 {[%emt 0:00:10]} Rg6 {[%emt 0:02:26]} 24. Nxc7 {[%emt 0:03:09]} Rag8 {[%emt 0:00:05]} 25. Be3 {[%emt 0:00:30]} Nf4 {[%emt 0:01:00]} 26. Nb5 {[%emt 0:02:13]} Qe7 {[%emt 0:08:16]} 27. Nc3 {[%emt 0:00:44]} Nh5 {[%emt 0:03:48]} 28. Rf2 {[%emt 0:00:46]} g4 {[%emt 0:00:23]} 29. fxg4 {[%emt 0:01:13]} Bxg4 {[%emt 0:00:48]} 30. Bd1 {[%emt 0:01:14]} Qh4 {[%emt 0:01:27]} 31. Bxc5 {[%emt 0:03:27]} Bxd1 {[%emt 0:02:48]} 32. Rxd1 {[%emt 0:01:23]} Rg5 {[%emt 0:03:38]} 33. Be3 {[%emt 0:00:25]} Ng3+ {[%emt 0:00:14]} 34. Kg1 {[%emt 0:00:06]} Qxh2+ {[%emt 0:00:04]} 35. Kxh2 {[%emt 0:00:30]} Rh5+ {[%emt 0:00:05]} 0-1

[Event "Fagernes GM-A 2019"]
[Site "Fagernes"]
[Date "2019.04.20"]
[Round "8.15"]
[White "Machlik, Monika"]
[Black "Dahl, Torbjorn"]
[Result "*"]
[WhiteElo "2059"]
[BlackElo "1917"]
[Annotator "NA"]
[PlyCount "31"]
[EventDate "2019.04.14"]
[EventType "tourn"]
[EventCountry "NOR"]
[SourceTitle "playchess.com"]
[Source "ChessBase"]
[SourceQuality "1"]
[TimeControl "40/7200:3600"]

1. d4 {[%emt 0:00:02]} Nf6 {[%emt 0:00:08]} 2. c4 {[%emt 0:00:05]} e6 {[%emt 0:00:24]} 3. Nc3 {[%emt 0:01:12]} Bb4 {[%emt 0:00:31]} 4. Qc2 {[%emt 0:00:15]} O-O {[%emt 0:00:07]} 5. a3 {[%emt 0:00:03]} Bxc3+ {[%emt 0:00:05]} 6. Qxc3 {[%emt 0:00:03]} d6 {[%emt 0:00:36]} 7. f3 {[%emt 0:09:01]} Nc6 {[%emt 0:08:24]} 8. e4 {[%emt 0:11:19]} a5 {[%emt 0:01:41]} 9. Bd3 {[%emt 0:07:01]} a4 {[%emt 0:02:11]} 10. Ne2 {[%emt 0:01:24]} e5 {[%emt 0:01:18]} 11. Be3 {[%emt 0:05:18]} b6 {[%emt 0:07:17]} 12. O-O {[%emt 0:18:42]} Re8 {[%emt 0:02:43]} 13. d5 {[%emt 0:10:42]} Na5 {[%emt 0:07:58]} 14. Qc2 {[%emt 0:05:19]} Nb3 {[%emt 0:02:19]} 15. Rae1 {[%emt 0:02:10]} Nc5 {[%emt 0:01:51]} 16. Bg5 {[%emt 0:03:20]} *

[Event "Fagernes GM-A 2019"]
[Site "Fagernes"]
[Date "2019.04.20"]
[Round "8.16"]
[White "Holleland, Sigve"]
[Black "Andersen, Morten"]
[Result "1-0"]
[WhiteElo "2024"]
[BlackElo "2223"]
[Annotator "NA"]
[PlyCount "85"]
[EventDate "2019.04.14"]
[EventType "tourn"]
[EventCountry "NOR"]
[SourceTitle "playchess.com"]
[Source "ChessBase"]
[SourceQuality "1"]
[TimeControl "40/7200:3600"]

1. d4 {[%emt 0:00:59]} d5 {[%emt 0:00:09]} 2. Bf4 {[%emt 0:00:04]} Nf6 {[%emt 0:00:26]} 3. e3 {[%emt 0:00:04]} c5 {[%emt 0:01:08]} 4. Nf3 {[%emt 0:02:05]} Qb6 {[%emt 0:08:42]} 5. Nc3 {[%emt 0:00:06]} c4 {[%emt 0:08:48]} 6. Qd2 {[%emt 0:04:53]} Nc6 {[%emt 0:09:27]} 7. Be2 {[%emt 0:06:39]} Bg4 {[%emt 0:06:27]} 8. O-O {[%emt 0:02:18]} e6 {[%emt 0:03:24]} 9. a3 {[%emt 0:00:34]} Be7 {[%emt 0:05:28]} 10. b3 {[%emt 0:00:22]} Ne4 {[%emt 0:14:02]} 11. Nxe4 {[%emt 0:02:55]} dxe4 {[%emt 0:00:05]} 12. Ng5 {[%emt 0:02:45]} Bxe2 {[%emt 0:01:32]} 13. Qxe2 {[%emt 0:01:30]} cxb3 {[%emt 0:08:31]} 14. cxb3 {[%emt 0:00:49]} Qxb3 {[%emt 0:04:16]} 15. Nxe4 {[%emt 0:01:18]} O-O {[%emt 0:02:10]} 16. Rfb1 {[%emt 0:02:09]} Qd5 {[%emt 0:00:47]} 17. Qd3 {[%emt 0:01:45]} b6 {[%emt 0:03:15]} 18. Rb5 {[%emt 0:06:27]} Qd7 {[%emt 0:00:21]} 19. Rh5 {[%emt 0:01:02]} f5 {[%emt 0:01:46]} 20. Ng5 {[%emt 0:02:31]} h6 {[%emt 0:01:02]} 21. Nf3 {[%emt 0:00:27]} Bf6 {[%emt 0:04:59]} 22. Rc1 {[%emt 0:03:35]} Rac8 {[%emt 0:01:09]} 23. Rd1 {[%emt 0:03:02]} Qd5 {[%emt 0:02:39]} 24. h3 {[%emt 0:03:29]} b5 {[%emt 0:01:41]} 25. Nd2 {[%emt 0:03:03]} Ne5 {[%emt 0:06:48]} 26. Bxe5 {[%emt 0:07:33]} Bxe5 {[%emt 0:00:03]} 27. g4 {[%emt 0:00:39]} Bb8 {[%emt 0:06:22]} 28. e4 {[%emt 0:05:11]} Qd6 {[%emt 0:00:41]} 29. e5 {[%emt 0:03:34]} Qd7 {[%emt 0:00:18]} 30. gxf5 {[%emt 0:01:04]} exf5 {[%emt 0:00:33]} 31. Re1 {[%emt 0:02:30]} Qf7 {[%emt 0:00:38]} 32. Qf3 {[%emt 0:07:24]} Rc2 {[%emt 0:01:09]} 33. Nf1 {[%emt 0:01:34]} Rb2 {[%emt 0:01:10]} 34. e6 {[%emt 0:05:50]} Qg6+ {[%emt 0:00:11]} 35. Kh1 {[%emt 0:03:09]} Rxf2 {[%emt 0:01:02]} 36. Qxf2 {[%emt 0:00:05]} Qxh5 {[%emt 0:00:04]} 37. Qg2 {[%emt 0:00:19]} Qh4 {[%emt 0:02:16]} 38. Re2 {[%emt 0:04:00]} Qxd4 {[%emt 0:00:44]} 39. e7 {[%emt 0:00:14]} Re8 {[%emt 0:02:08]} 40. Qc6 {[%emt 0:00:32]} Qf4 {[%emt 0:03:12]} 41. Qxe8+ {[%emt 1:01:26]} Kh7 {[%emt 1:00:02]} 42. Nd2 {[%emt 0:09:46]} Bd6 {[%emt 0:00:00]} 43. Qd7 {[%emt 0:00:00]} 1-0

[Event "Fagernes GM-A 2019"]
[Site "Fagernes"]
[Date "2019.04.20"]
[Round "8.17"]
[White "Grover, Sigurd Loe"]
[Black "Bjerke, Richard"]
[Result "0-1"]
[WhiteElo "2020"]
[BlackElo "2156"]
[Annotator "NA"]
[PlyCount "84"]
[EventDate "2019.04.14"]
[EventType "tourn"]
[EventCountry "NOR"]
[SourceTitle "playchess.com"]
[Source "ChessBase"]
[SourceQuality "1"]
[TimeControl "40/7200:3600"]

1. c4 {[%emt 0:02:24]} e5 {[%emt 0:00:42]} 2. Nc3 {[%emt 0:00:15]} d6 {[%emt 0:00:45]} 3. Nf3 {[%emt 0:03:05]} f5 {[%emt 0:00:24]} 4. d4 {[%emt 0:00:02]} e4 {[%emt 0:00:19]} 5. Ng5 {[%emt 0:00:06]} Be7 {[%emt 0:00:47]} 6. Nh3 {[%emt 0:01:24]} Nf6 {[%emt 0:00:41]} 7. Bg5 {[%emt 0:04:50]} O-O {[%emt 0:01:18]} 8. e3 {[%emt 0:02:42]} c6 {[%emt 0:01:22]} 9. Nf4 {[%emt 0:01:31]} Na6 {[%emt 0:02:43]} 10. h4 {[%emt 0:02:11]} Nc7 {[%emt 0:02:30]} 11. d5 {[%emt 0:00:49]} c5 {[%emt 0:00:15]} 12. h5 {[%emt 0:01:48]} Ng4 {[%emt 0:01:54]} 13. Bxe7 {[%emt 0:01:40]} Qxe7 {[%emt 0:01:41]} 14. Be2 {[%emt 0:01:00]} Ne5 {[%emt 0:00:15]} 15. a3 {[%emt 0:10:34]} Bd7 {[%emt 0:06:06]} 16. b4 {[%emt 0:05:48]} b6 {[%emt 0:00:25]} 17. Qd2 {[%emt 0:07:42]} a6 {[%emt 0:02:58]} 18. Rb1 {[%emt 0:03:10]} Rfb8 {[%emt 0:01:45]} 19. g3 {[%emt 0:01:11]} Ne8 {[%emt 0:07:53]} 20. Kf1 {[%emt 0:06:57]} Nf6 {[%emt 0:09:19]} 21. Kg2 {[%emt 0:00:42]} Nfg4 {[%emt 0:01:42]} 22. Qc2 {[%emt 0:04:37]} Qe8 {[%emt 0:01:54]} 23. Rb2 {[%emt 0:02:58]} cxb4 {[%emt 0:05:27]} 24. axb4 {[%emt 0:01:14]} Rc8 {[%emt 0:00:23]} 25. Qb3 {[%emt 0:01:14]} Kh8 {[%emt 0:05:11]} 26. Ra2 {[%emt 0:01:42]} b5 {[%emt 0:01:46]} 27. cxb5 {[%emt 0:03:28]} axb5 {[%emt 0:00:48]} 28. Rxa8 {[%emt 0:02:55]} Rxa8 {[%emt 0:00:12]} 29. Ne6 {[%emt 0:00:25]} Rc8 {[%emt 0:00:23]} 30. Qb2 {[%emt 0:06:39]} Bxe6 {[%emt 0:05:05]} 31. dxe6 {[%emt 0:00:10]} Qxe6 {[%emt 0:00:09]} 32. Nxb5 {[%emt 0:01:46]} Nc4 {[%emt 0:03:54]} 33. Qd4 {[%emt 0:00:57]} d5 {[%emt 0:00:20]} 34. Bxg4 {[%emt 0:02:11]} fxg4 {[%emt 0:00:30]} 35. h6 {[%emt 0:00:08]} Qf7 {[%emt 0:03:15]} 36. Rd1 {[%emt 0:03:14]} Rg8 {[%emt 0:03:15]} 37. Kg1 {[%emt 0:02:46]} Rf8 {[%emt 0:05:56]} 38. hxg7+ {[%emt 0:00:47]} Qxg7 {[%emt 0:00:08]} 39. Qxd5 {[%emt 0:01:42]} Qf6 {[%emt 0:01:26]} 40. Qd4 {[%emt 0:02:15]} Ne5 {[%emt 0:00:13]} 41. Qxe4 {[%emt 1:04:59]} Qxf2+ {[%emt 1:02:08]} 42. Kh1 {[%emt 0:00:21]} Nf3 {[%emt 0:00:12]} 0-1

[Event "Fagernes GM-A 2019"]
[Site "Fagernes"]
[Date "2019.04.20"]
[Round "8.18"]
[White "Bentsen, Hakon"]
[Black "Lindbol, Aleksander"]
[Result "1-0"]
[WhiteElo "2155"]
[BlackElo "2139"]
[Annotator "NA"]
[PlyCount "117"]
[EventDate "2019.04.14"]
[EventType "tourn"]
[EventCountry "NOR"]
[SourceTitle "playchess.com"]
[Source "ChessBase"]
[SourceQuality "1"]
[TimeControl "40/7200:3600"]

1. e4 {[%emt 0:00:02]} c5 {[%emt 0:00:13]} 2. Nf3 {[%emt 0:00:10]} Nc6 {[%emt 0:00:16]} 3. d4 {[%emt 0:00:13]} cxd4 {[%emt 0:00:09]} 4. Nxd4 {[%emt 0:00:08]} Nf6 {[%emt 0:00:09]} 5. Nc3 {[%emt 0:00:08]} e5 {[%emt 0:00:07]} 6. Ndb5 {[%emt 0:00:07]} d6 {[%emt 0:00:07]} 7. Bg5 {[%emt 0:00:11]} a6 {[%emt 0:00:08]} 8. Na3 {[%emt 0:00:07]} b5 {[%emt 0:00:06]} 9. Nd5 {[%emt 0:00:12]} Be7 {[%emt 0:00:06]} 10. Bxf6 {[%emt 0:00:10]} Bxf6 {[%emt 0:00:05]} 11. c3 {[%emt 0:00:21]} O-O {[%emt 0:00:48]} 12. Nc2 {[%emt 0:00:14]} Bg5 {[%emt 0:01:31]} 13. a4 {[%emt 0:00:25]} bxa4 {[%emt 0:00:09]} 14. Rxa4 {[%emt 0:00:07]} a5 {[%emt 0:00:10]} 15. Bc4 {[%emt 0:05:24]} Rb8 {[%emt 0:00:51]} 16. Ra2 {[%emt 0:02:40]} g6 {[%emt 0:02:36]} 17. Nce3 {[%emt 0:00:28]} Kh8 {[%emt 0:03:19]} 18. O-O {[%emt 0:02:50]} f5 {[%emt 0:07:19]} 19. Qa4 {[%emt 0:05:45]} Bd7 {[%emt 0:19:55]} 20. Qa3 {[%emt 0:18:43]} f4 {[%emt 0:23:57]} 21. Nc2 {[%emt 0:01:18]} f3 {[%emt 0:03:04]} 22. g3 {[%emt 0:11:13]} Be6 {[%emt 0:19:01]} 23. Rd1 {[%emt 0:09:14]} Ne7 {[%emt 0:12:01]} 24. Nce3 {[%emt 0:11:01]} Qc8 {[%emt 0:01:48]} 25. Qxd6 {[%emt 0:15:10]} Bxd5 {[%emt 0:07:37]} 26. Rxd5 {[%emt 0:02:41]} Nxd5 {[%emt 0:00:57]} 27. Qxe5+ {[%emt 0:01:53]} Bf6 {[%emt 0:03:45]} 28. Qxd5 {[%emt 0:00:06]} Rd8 {[%emt 0:01:06]} 29. Qf7 {[%emt 0:00:13]} Bg7 {[%emt 0:01:20]} 30. Qxf3 {[%emt 0:00:37]} Rd2 {[%emt 0:00:19]} 31. Rxa5 {[%emt 0:02:57]} Rdxb2 {[%emt 0:00:05]} 32. Ra7 {[%emt 0:02:20]} R2b7 {[%emt 0:01:38]} 33. Rxb7 {[%emt 0:03:10]} Qxb7 {[%emt 0:00:02]} 34. Nd5 {[%emt 0:01:24]} Re8 {[%emt 0:00:53]} 35. Kg2 {[%emt 0:00:31]} Qb2 {[%emt 0:00:28]} 36. Nf6 {[%emt 0:02:08]} Rf8 {[%emt 0:01:19]} 37. e5 {[%emt 0:00:05]} Qa3 {[%emt 0:00:09]} 38. Bd5 {[%emt 0:02:32]} Qe7 {[%emt 0:00:16]} 39. Qf4 {[%emt 0:01:38]} Bxf6 {[%emt 0:00:22]} 40. exf6 {[%emt 0:00:05]} Qxf6 {[%emt 0:01:12]} 41. Qxf6+ {[%emt 1:00:26]} Rxf6 {[%emt 1:00:05]} 42. h4 {[%emt 0:00:25]} Kg7 {[%emt 0:00:00]} 43. c4 {[%emt 0:00:00]} Ra6 {[%emt 0:00:00]} 44. g4 {[%emt 0:00:00]} h6 {[%emt 0:00:00]} 45. Kg3 {[%emt 0:00:00]} Ra2 {[%emt 0:00:00]} 46. Kf3 {[%emt 0:00:00]} Kf6 {[%emt 0:00:00]} 47. Ke3 {[%emt 0:00:00]} Ra3+ {[%emt 0:00:00]} 48. Kf4 {[%emt 0:00:00]} Rh3 {[%emt 0:00:00]} 49. g5+ {[%emt 0:00:00]} Kg7 {[%emt 0:00:00]} 50. gxh6+ {[%emt 0:00:00]} Kxh6 {[%emt 0:00:00]} 51. c5 {[%emt 0:00:00]} Rc3 {[%emt 0:00:00]} 52. c6 {[%emt 0:00:00]} Kh5 {[%emt 0:00:00]} 53. Ke5 {[%emt 0:00:00]} Kxh4 {[%emt 0:00:00]} 54. Kd6 {[%emt 0:00:00]} Kg4 {[%emt 0:00:00]} 55. c7 {[%emt 0:00:00]} Rxc7 {[%emt 0:00:00]} 56. Kxc7 {[%emt 0:00:00]} Kf4 {[%emt 0:00:00]} 57. Kd6 {[%emt 0:00:00]} g5 {[%emt 0:00:00]} 58. Bh1 {[%emt 0:00:00]} g4 {[%emt 0:00:00]} 59. Ke6 {[%emt 0:00:00]} 1-0

[Event "Fagernes GM-A 2019"]
[Site "Fagernes"]
[Date "2019.04.20"]
[Round "8.19"]
[White "Nordquelle, Daniel"]
[Black "Gronnestad, Anita"]
[Result "0-1"]
[WhiteElo "2264"]
[BlackElo "1954"]
[Annotator "NA"]
[PlyCount "70"]
[EventDate "2019.04.14"]
[EventType "tourn"]
[EventCountry "NOR"]
[SourceTitle "playchess.com"]
[Source "ChessBase"]
[SourceQuality "1"]
[TimeControl "40/7200:3600"]

1. e4 {[%emt 0:00:01]} Nf6 {[%emt 0:00:09]} 2. e5 {[%emt 0:00:12]} Nd5 {[%emt 0:00:06]} 3. d4 {[%emt 0:00:05]} d6 {[%emt 0:00:08]} 4. Nf3 {[%emt 0:00:06]} dxe5 {[%emt 0:00:15]} 5. Nxe5 {[%emt 0:00:20]} c6 {[%emt 0:00:12]} 6. c4 {[%emt 0:01:30]} Nf6 {[%emt 0:00:41]} 7. Nc3 {[%emt 0:00:13]} g6 {[%emt 0:03:57]} 8. Be3 {[%emt 0:00:38]} Nbd7 {[%emt 0:01:07]} 9. Nf3 {[%emt 0:00:57]} Ng4 {[%emt 0:04:40]} 10. Bf4 {[%emt 0:00:28]} Bg7 {[%emt 0:01:34]} 11. h3 {[%emt 0:00:38]} Ngf6 {[%emt 0:01:57]} 12. Qd2 {[%emt 0:01:05]} O-O {[%emt 0:03:04]} 13. Bd3 {[%emt 0:06:38]} Re8 {[%emt 0:01:28]} 14. O-O {[%emt 0:11:15]} Nf8 {[%emt 0:04:32]} 15. Rad1 {[%emt 0:01:07]} a6 {[%emt 0:08:49]} 16. a4 {[%emt 0:04:01]} Ne6 {[%emt 0:05:23]} 17. Be5 {[%emt 0:00:45]} Bd7 {[%emt 0:02:51]} 18. b4 {[%emt 0:13:58]} Nh5 {[%emt 0:25:00]} 19. Bxg7 {[%emt 0:00:46]} Kxg7 {[%emt 0:00:27]} 20. a5 {[%emt 0:00:35]} Nef4 {[%emt 0:01:35]} 21. Na4 {[%emt 0:11:07]} Nxd3 {[%emt 0:06:27]} 22. Qxd3 {[%emt 0:00:05]} Bf5 {[%emt 0:07:57]} 23. Qc3 {[%emt 0:02:15]} Nf4 {[%emt 0:06:54]} 24. Rfe1 {[%emt 0:03:25]} Qc7 {[%emt 0:03:12]} 25. Ne5 {[%emt 0:02:53]} f6 {[%emt 0:01:46]} 26. Nf3 {[%emt 0:02:33]} Rad8 {[%emt 0:00:57]} 27. Nc5 {[%emt 0:00:30]} e5 {[%emt 0:03:13]} 28. Kh1 {[%emt 0:13:29]} Qc8 {[%emt 0:04:34]} 29. dxe5 {[%emt 0:06:20]} Bxh3 {[%emt 0:02:38]} 30. exf6+ {[%emt 0:00:15]} Kh6 {[%emt 0:00:15]} 31. Qc1 {[%emt 0:31:35]} Bxg2+ {[%emt 0:00:26]} 32. Kg1 {[%emt 0:00:01]} Qg4 {[%emt 0:00:59]} 33. Nh2 {[%emt 0:00:01]} Qg5 {[%emt 0:00:45]} 34. Re3 {[%emt 0:00:08]} Rxe3 {[%emt 0:00:36]} 35. Qxe3 {[%emt 0:00:01]} Rxd1+ {[%emt 0:00:12]} 0-1